000 01599cam a2200181 4500500
005 20251012004959.0
041 _afre
042 _adc
100 1 0 _aCalas-Leroux, Viviane
_eauthor
700 1 0 _a Abdelhak, Mohand Ameziane
_eauthor
700 1 0 _a Moro, Marie Rose
_eauthor
245 0 0 _aViaje a la protección materna e infantil: Prácticas culturales del cuidado materno y reflexión sobre un grupo de discusión
260 _c2024.
500 _a22
520 _aEn el ámbito transcultural de la investigación sobre la maternidad en el exilio, este artículo analiza la creación, en un centro de protección materna e infantil, de un grupo de discusión para madres de diferentes orígenes y sus bebés. Destaca las ventajas, para estas mujeres que se convierten en madres en situación de migración, de basar la aparición de su función materna en prácticas culturales propias de la actividad de maternar. En consecuencia, la oportunidad de construir a partir de sus propias experiencias, en el marco colectivo del compartir con un grupo compuesto por madres, permite luchar contra una soledad que vulnerabiliza y cruzar los cuidados prestados a los bebés gracias a las decisiones individuales que se harán entre los modos de hacer del país de origen y del país de acogida. Así, este tipo de enfoque preventivo permite acompañar a las madres y apoyar las interacciones entre padres e hijos.
786 0 _nEnfances & Psy | 101 | 3 | 2024-09-25 | p. 173-186 | 1286-5559
856 4 1 _uhttps://shs.cairn.info/revista-enfances-psy-2024-3-page-173?lang=es&redirect-ssocas=7080
999 _c1516252
_d1516252